00413nam a2200157Ia 4500008004100000020001400041040001900055041001200074082002400086100001800110245003900128260003800167300002400205650000800229850001800237131103s9999 xx 000 0 und d a913592544 aLoreto College aEnglish aMIS/DERbLCBED/8301 aDerosa, Peter 4aThe bee and the rosecPeter Derosa aNilesbArgus communicationsc1975 a74p.b pic.c 18cm. aMIS aLCBED/MIS/DER